00629nam a2200193Ia 4500008004100000020001800041050001900059082002300078100001900101245007100120250001100191260002900202300001900231500002200250650003100272942000700303952010800310999001700418120905s9999 xx 000 0 und d a970-686-069-X aQA303 S73 2001 a515.33 S7991c 2001 aStewart, James aCálculo de una variable : trasendentes tempranas / James Stewart a4a ed. aMéxico : THOMSON, 2001 a639 p. A104 p. aContiene Apendice aMATEMATICAS - CÁLCULOÌ cLB 00104070a13b13d2010-08-05l5oQA303 S73 2001p13 001634r2018-11-05s2018-11-05t1w2012-09-05yLB c84223d84223